000 00459nam a2200181Ia 4500
001 5037
005 20260306145839.0
008 260306t2014||||xx |||||||||||||| ||spa||
041 _aESP
082 _a332.678
_bA59
100 _aAndía Valencia, Walter
_eAUT
245 0 _aProyectos de inversión:
_bguía para su formulación y evaluación estratégica
260 _c2014
300 _a
_c
650 _aGEN
654 _aCAN
942 _cLIB
_dJUS
_fJUS
_2ddc
_n
999 _c5037
_d5037